God's Word made plain. (Record no. 3381)

000 -LEADER
fixed length control field 00658nam a2200205 a 4500
001 - CONTROL NUMBER
control field :::00001111$&:&@@
003 - CONTROL NUMBER IDENTIFIER
control field OkBaRHE
005 - DATE AND TIME OF LATEST TRANSACTION
control field 20010405110518.0
008 - FIXED-LENGTH DATA ELEMENTS--GENERAL INFORMATION
fixed length control field s1958 j 000 0 eng u
040 ## - CATALOGING SOURCE
Transcribing agency
100 1# - MAIN ENTRY--PERSONAL NAME
Personal name Friederichsen, Kay.
245 10 - TITLE STATEMENT
Title God's Word made plain.
260 ## - PUBLICATION, DISTRIBUTION, ETC. (IMPRINT)
Place of publication, distribution, etc Chicago, IL., :
Name of publisher, distributor, etc Moody Press
Date of publication, distribution, etc c1958
300 ## - PHYSICAL DESCRIPTION
Extent 255 p. ;
Dimensions 17 cm.
650 ## - SUBJECT ADDED ENTRY--TOPICAL TERM
Topical term or geographic name as entry element Bible
General subdivision Theology
650 ## - SUBJECT ADDED ENTRY--TOPICAL TERM
Topical term or geographic name as entry element Theology
General subdivision Doctrinal
942 ## - ADDED ENTRY ELEMENTS (KOHA)
Source of classification or shelving scheme
Koha item type Books
Copies
Damaged status Source of classification or shelving scheme Not for loan Price effective from Date acquired Shelving location Withdrawn status Full call number Koha item type Barcode Permanent Location Copy number Date last seen Lost status
   2010-04-142010-04-14General Stacks BS 543 .F72Books1111RHEMA Bible Training College12018-02-16 
   2010-04-142010-04-14General Stacks BS 543 .F72Books19435RHEMA Bible Training College22018-02-16